| 000 | 00639nam a2200205 u 4500 | ||
|---|---|---|---|
| 005 | 20260327064208.0 | ||
| 008 | 101011s2003 r 000 0 eng d | ||
| 020 | _a9583011371 (volumen) | ||
| 035 | _aUPN01000178101 | ||
| 049 | _aI | ||
| 050 | 4 |
_aPZ76.3 _bS2.3 |
|
| 100 | 1 | _aSamper, Verónica | |
| 245 | 1 | 3 |
_aEl gato tuerto y otras historias / _cVerónica Samper ; il. de Ángela Carolina Barón Rozo. |
| 260 |
_aBogotá : _bPanamericana, _c2003. |
||
| 300 |
_a82 p. : _bil. col. |
||
| 440 | 0 |
_aCorcel. _pCuento |
|
| 650 | 4 |
_aGatos _vCuentos y leyendas _911010 |
|
| 650 | 4 |
_aLITERATURA INFANTIL COLOMBIANA _911063 |
|
| 905 | _aInfantil | ||
| 999 |
_c150204 _d150204 |
||